000
00313nam a2200121Ia 4500
008
241014s9999||||xx |||||||||||||| ||und||
020
_a
1-84110-111-7
100
_a
Evans,Andy
245
0
_a
Breast Calcification :a diagnostic manual
260
_b
Geenwhich Medical Media
_c
2002
300
_a
191
942
_b
ION
_c
BK
999
_c
18060
_d
18060